|
|
|
|
| LEADER |
00703nab a2200181 i 4500 |
| 001 |
acta23560 |
| 005 |
20210722110750.0 |
| 008 |
161017s1999 hu o 0|| hun d |
| 022 |
|
|
|a 0865-5960
|
| 040 |
|
|
|a SZTE Egyetemi Kiadványok Repozitórium
|b hun
|
| 041 |
|
|
|a hun
|
| 100 |
1 |
|
|a Petőfi Sándor János
|
| 245 |
1 |
2 |
|a A szövegtan társtudományainak egymáshoz és a szemiotikai szövegtanhoz való viszonyáról
|h [elektronikus dokumentum] :
|b gondolatok egy diszkusszió elindításához /
|c Petőfi Sándor János
|
| 260 |
|
|
|c 1999
|
| 300 |
|
|
|a 35-43
|
| 490 |
0 |
|
|a Szemiotikai szövegtan
|
| 695 |
|
|
|a Szövegtan
|
| 856 |
4 |
0 |
|u http://acta.bibl.u-szeged.hu/23560/1/szemiotikai_012_035-043.pdf
|z Dokumentum-elérés
|